| 000 | 02578nmm a2200277 a 4500 | ||
|---|---|---|---|
| 003 | CO-CtgCURN | ||
| 005 | 20250719163005.0 | ||
| 007 | co cga0aauuu | ||
| 008 | 200615s2020 xx f 000 0 spa d | ||
| 040 |
_aCO-CtgCURN _bspa _ccoctgcurn |
||
| 082 |
_aDER 2020 _bC264i |
||
| 100 |
_aCarbonell Acosta, Rosmary Edith _eautora _94240 |
||
| 245 | 0 |
_aIncidencia de la ley 1988 del 2019 de políticas públicas laborales, con relación a los vendedores informales ambulantes de diferentes sectores de Barranquilla, para el II semestre de 2019 _h[electronic resource] / _cRosmary Edith Carbonell Acosta; asesor., Helmer David Agualimpia Romero |
|
| 260 |
_aBarranquilla, Atlántico : _bCorporación Universitaria Rafael Núñez, _c2020 |
||
| 300 | _a1 recurso en línea (40 páginas (PDF)) | ||
| 502 | _aTrabajo de Grado (Abogado). Corporación Universitaria Rafael Núñez. Facultad de Ciencias Sociales y Humanas. Programa de Derecho, 2020 | ||
| 504 | _aIncluye referencias bibliográficas | ||
| 520 | _aLa situación de estudio del presente trabajo de investigación se enfoca en las Ciencias sociales, específicamente en el trabajo informal, con carácter de ambulante y del uso del espacio público; enmarcado en la implementación de la Ley 1988 de 2019. Lo cual es un fenómeno social de gran impacto en las ciudades colombianas y Barranquilla, como ciudad comercial y turística, no escapa a ello. Este fenómeno, implica observar la calidad de vida y la pobreza de las grandes ciudades. para mejorar su calidad de vida; en tanto que la implementación de esta norma genera incertidumbre por las experiencias negativas tenidas anteriormente. Por lo tanto, dicha investigación busca responder el interrogante planteado, considerándolo un desafío de desarrollo urbano, tanto para los vendedores ambulantes, los gobernantes y la comunidad de los diferentes sectores de Barranquilla, siendo el objetivo principal de la investigación conocer la incidencia de esta ley en este sector de la población, lo cual se realizará a través de un estudio de carácter cualitativo, cuantitativo. | ||
| 521 | _aAREA PROFESIONAL | ||
| 590 | _aPrograma de Derecho_18 | ||
| 650 |
_aDerecho _vTesis y disertaciones académicas _94241 |
||
| 700 |
_aAgualimpia Romero, Helmer David _easesor _94242 |
||
| 856 |
_uhttps://unicurn.sharepoint.com/:b:/s/biblioteca/ETdyNxeANzdPjoQbv1lytSYBHxMMyt6RCih6Pj-yJ6zHhw?e=SYdYLx _yConsulte aquí el texto completo |
||
| 942 |
_cTG _hDER 2020 _iC264i _2ddc _n0 |
||
| 999 |
_c524 _d524 |
||